Κατάλογος Βιβλιοθηκών Mediterranean College

Στατιστική στις Επιστήμες της Συμπεριφοράς με τη Χρήση του SPSS (Record no. 6106)

MARC details
000 -LEADER
fixed length control field 02190cam a22002054a 4500
005 - ΗΜΕΡΟΜΗΝΙΑ ΚΑΙ ΩΡΑ ΤΕΛΕΥΤΑΙΑΣ ΕΝΗΜΕΡΩΣΗΣ
Πεδίο ελέγχου 20250605164233.0
008 - FIXED-LENGTH DATA ELEMENTS--GENERAL INFORMATION
Πεδίο ελέγχου σταθερού μήκους 250528s ||||||||||||||||||||||||d
035 ## - SYSTEM CONTROL NUMBER
System control number 21034
020 ## - ISBN
ISBN 9789606863691
040 ## - ΠΗΓΗ ΚΑΤΑΛΟΓΟΓΡΑΦΗΣΗΣ
Φορέας πρωτότυπης καταλογογράφησης MC Athens Campus Library
Γλώσσα καταλογογράφησης Ελληνικά, Μοντέρνα (1453-)
Modifying agency MC Athens Campus Library
Κανόνες περιγραφικής καταλογογράφησης AACR2
245 1# - ΤΙΤΛΟΣ ΚΑΙ ΔΗΛΩΣΗ ΥΠΕΥΘΥΝΟΤΗΤΑΣ
Τίτλος Στατιστική στις Επιστήμες της Συμπεριφοράς με τη Χρήση του SPSS
260 ## - PUBLICATION, DISTRIBUTION, ETC.
Name of publisher, distributor, etc. Τόπος,
Date of publication, distribution, etc. 2011
300 ## - PHYSICAL DESCRIPTION
Extent 616
520 ## - SUMMARY, ETC.
Summary, etc. Το βιβλίο αποτελεί έναν απλό οδηγό το οπόιο έρχεται να καταρρίψει τον μύθο της Στατιστικής ως ενός δυσνόητου και απαιτητικού - από άποψη μαθηματικών γνώσεων - αντικειμένου. Πρόλογος, Εισαγωγή, Βασικές Αρχές Μέτρησης, Παρουσίαση Δεδομένων, Δείκτες Κεντρικής Τάσης, Δείκτες Διασποράς, Η Κανονική Κατανομή, Έλεγχος Υποθέσεων, Η Έννοια της Συσχέτισης, Υπολογισμός του Συντελεστή Συσχέτισης, Ανάλυση Παλινδρόμησης, Σύγκριση Μέσων Όρων: Ένα Δείγμα, Σύγκριση Μεταξύ Δύο Δειγμάτων: Το Κριτήριο t, Εισαγωγή στην Ανάλυση Διακύμανσης, Μονοπαραγοντική Ανάλυση Διακύμανσης, Παραγοντική Ανάλυση Διακύμανσης Ανεξάρτητων Δειγμάτων, Ανάλυση Διακύμανσης για Ερευνητικούς Σχεδιασμούς Επαναλαμβανόμενων Μετρήσεων, Σύγκριση Συχνοτήτων Κατηγοριών: Το Στατιστικό Κριτήριο x2, Μη Παραμετρικά Κριτήρια, Διαδικασία Επιλογής Κατάλληλου Στατιστικού Κριτηρίου, Βιβλιογραφία, Παραρτήματα.
700 1# - ΠΡΟΣΘΕΤΗ ΑΝΑΓΡΑΦΗ--ΦΥΣΙΚΟ ΠΡΟΣΩΠΟ
Personal name Ρούσσος Πέτρος Λ
9 (RLIN) 7050
700 1# - ΠΡΟΣΘΕΤΗ ΑΝΑΓΡΑΦΗ--ΦΥΣΙΚΟ ΠΡΟΣΩΠΟ
Personal name Τσαούσης Γιάννης
942 ## - ADDED ENTRY ELEMENTS (KOHA)
Koha item type Books
Holdings
Τύπος τεκμηρίου Βιβλιοθήκη Τρέχουσα τοποθεσία Barcode Αριθμός εισαγωγής Ημερομηνία απόκτησης Ταξιθετικό σύμβολο Αριθμός αντιτύπου Κατάσταση απόσυρσης Κατάσταση χαμένου Κατάσταση κατεστραμμένου Μη δανεισμός Σύνολο δανεισμών Ημερομηνία τελευταίας εμφάνισης Η τιμή ισχύει από
Books MC Athens Campus Library MC Athens Campus Library 9780000061058 6842 05/06/2025 519.50285 ROU 1           05/06/2025 05/06/2025

MC Athens Campus Library
Πατησίων 94 & Κοδριγκτώνος 13, 104 34
Πελλήνης 8 & Πατησίων 107, 112 51
Τ: +30 210 8899600

MC Thessaloniki Campus Library
Ίωνος Δραγούμη 21, 54625 | Ίωνος Δραγούμη 15, 54625
Τ: +30 2310 287779 – Τ: +30 2314 440300